Знаменитые люди по имени Дмитрий - Statistics

General Stats
  • This quiz has been taken 103 times
    84 since last reset
  • The average score is 6 of 18
Answer Stats
Подсказка Ответ % Correct
3-й президент России Дмитрий {Медведев}
86%
Ведущий шоу «Большие гонки» Дмитрий {Нагиев}
71%
Великий князь Владимирский и князь Новгородский Дмитрий {Донской}
69%
Ведущий телеигры «Кто хочет стать миллионером?» Дмитрий {Дибров}
51%
Актёр, снявшийся в фильмах «Жмурки» и «Мне не больно» Дмитрий {Дюжев}
46%
Автор романа «Метро 2033» Дмитрий {Глуховский}
38%
Представлял Беларусь на конкурсе «Евровидение 2007» года Дмитрий {Колдун}
38%
Командир частной военной компании «Вагнер» Дмитрий {Уткин}
35%
Актёр, снявшийся в фильмах «Гардемарины, вперёд!» и «Чёрный квадрат» Дмитрий {Харатьян}
34%
Один из крупнейших композиторов XX века Дмитрий {Шостакович}
32%
Ведущий телепередачи «Вести недели» Дмитрий {Киселёв}
29%
Основатель команды КВН «Уральские пельмени» Дмитрий {Соколов}
28%
Министр иностранных дел Украины Дмитрий {Кулеба}
20%
Ведущий и капитан команды КВН «Сборная Санкт-Петербурга» Дмитрий {Хрусталёв}
17%
Главный редактор «Новой газеты» и лауреат Нобелевской премии мира Дмитрий {Муратов}
15%
Писатель, поэт и публицист Дмитрий {Быков}
12%
Министр обороны СССР Дмитрий {Язов}
12%
Лидер поп-панк-группы «Тараканы!» Дмитрий {Спирин}
5%
No matching quizzes found
Score Distribution
Percent of People with Each Score
Percentile by Number Answered
Your Score History
You have not taken this quiz since the last reset